Landkreise mit den meisten Nachbarn - Statistiken

Allgemein
  • Dieses Quiz wurde 18 mal gespielt
  • Das Durchschnittsergebnis liegt bei 7 aus 24
Antwortstatistiken
Hint Antwort % Korrekt
9, BY Landkreis München
80%
9, BE Berlin
47%
9, BY Landkreis Ansbach
47%
12, RP Rhein-Pfalz-Kreis
47%
10, BY Landkreis Bamberg
40%
10, HE Main-Kinzig-Kreis
40%
9, HE Landkreis Groß-Gerau
33%
9, BW Landkreis Heilbronn
33%
9, NI Landkreis Osnabrück
33%
9, BW Rhein-Neckar-Kreis
33%
9, ST Burgenlandkreis
27%
10, NW Kreis Recklinghausen
27%
11, BY Landkreis Bayreuth
27%
9, NI Landkreis Gifhorn
27%
9, NW Rhein-Sieg-Kreis
27%
9, NW Kreis Lippe
20%
11, NW Kreis Mettmann
20%
9, BY Landkreis Donau-Ries
20%
9, MV Landkreis Ludwigslust-Parchim
20%
10, NW Rhein-Kreis Neuss
20%
10, RP Landkreis Bad Dürkheim
13%
9, BW Landkreis Karlsruhe
13%
9, BY Landkreis Landshut
13%
9, NI Landkreis Wesermarsch
7%
Keine übereinstimmenden Quizze gefunden
Verteilung der Resultate
Anzahl Personen mit jedem Resultat
Perzentil nach korrekt beantworteten Fragen
Ihre Resultats-Entwicklung
Sie haben dieses Quiz noch nicht gespielt